000 00681nam a2200217Ii 4500
003 JO-AjNU
008 230605s9999||||xx |||||||||||||| ||und||
017 _a1973/4164
040 _aJO-AjNU
_bara
_erda
_cJO-AjNU
041 _aara
050 1 4 _aBF431.1973
100 3 _aالمسيري، عباس,
_eauthor
_935605
245 0 0 _aالعقل المتحرر :تدريب وتركيز وتأمل
250 _aط1
264 3 1 _aالقاهرة،مكتبة الانجلو المصرية ، 1973
300 _a292ص
336 _atext
_btxt
_2rdacontent
337 _aunmediated
_bn
_2rdamedia
338 _avolume
_bnc
_2rdacarrier
650 4 _aالعقل-علم النفس
_935606
999 _aA14716
_c18284
_d18284